000 00584 a2200181 4500
999 _c5585
_d5585
010 _aENG-86917
020 _c450.00
_a0070659060
035 _aEN-70450
037 _bDBAD / PUB
082 1 4 _a005.8
100 1 _aCache, Johny
245 1 _aHacking exposed wireless :
_cby Johnny Cache [and] Vincent Liu
_bwireless security secrets & solutions /
260 _aNew Delhi
_bTata McGraw-Hill Publishing
_c2007
270 _a7, West Patel Nagar
_bNew Delhi :
_e110 008
300 _axxv, 387p
_c24cm (pbk)
700 _aLiu, Vincent
942 _adpl
_cEN
_2ddc
_h005.8
_mCAC